Spotlight on Scottish residential development & investment (Record no. 113577)

MARC details
000 -LEADER
fixed length control field 00849cad a22001935a 4500
001 - CONTROL NUMBER
control field E155444
008 - FIXED-LENGTH DATA ELEMENTS--GENERAL INFORMATION
fixed length control field 120517s2012 xxk d f 000 0 eng d
035 ## - SYSTEM CONTROL NUMBER
System control number (Sirsi) u155444
041 0# - LANGUAGE CODE
Language code of text/sound track or separate title eng
050 04 - LIBRARY OF CONGRESS CALL NUMBER
Classification number 333.3309411 $2 18
110 2# - MAIN ENTRY--CORPORATE NAME
Corporate name or jurisdiction name as entry element Savills Research
9 (RLIN) 5211
245 00 - TITLE STATEMENT
Title Spotlight on Scottish residential development & investment
Remainder of title Spring 2012
Medium [electronic resource]
260 ## - PUBLICATION, DISTRIBUTION, ETC.
Place of publication, distribution, etc. London
Name of publisher, distributor, etc. Savills Research
Date of publication, distribution, etc. 2012
520 ## - SUMMARY, ETC.
Summary, etc. Looks at prospects for the Scottish residential development and investment sectors in the post credit crunch period.
651 #4 - SUBJECT ADDED ENTRY--GEOGRAPHIC NAME
Geographic name Scotland
Chronological subdivision 1999-
690 ## - LOCAL SUBJECT ADDED ENTRY--TOPICAL TERM (OCLC, RLIN)
Topical term or geographic name as entry element Residential property
9 (RLIN) 6266
856 40 - ELECTRONIC LOCATION AND ACCESS
Uniform Resource Identifier <a href="https://pdf.euro.savills.co.uk/uk/spotlight-on/spotlight-on-scottish-residential-development-and-investment-2012.pdf">https://pdf.euro.savills.co.uk/uk/spotlight-on/spotlight-on-scottish-residential-development-and-investment-2012.pdf</a>
Public note View the report free of charge (registration required) at www.savills.co.uk
942 ## - ADDED ENTRY ELEMENTS (KOHA)
Suppress in OPAC 0
Holdings
Withdrawn status Lost status Source of classification or shelving scheme Damaged status Not for loan Home library Current library Shelving location Date acquired Total Checkouts Full call number Barcode Date last seen Copy number Price effective from Koha item type
    Dewey Decimal Classification     Virtual Virtual Online 23/03/2012   ONLINE PUBLICATION 155444-2001 06/08/2019 1 06/08/2019 Book